Excelente testimonio cinematrográfico. Romero: cuando la verdad y el valor se juntan /
Gespeichert in:
| 1. Verfasser: | |
|---|---|
| Format: | Text |
| Tags: |
Tag hinzufügen
Keine Tags, Fügen Sie den ersten Tag hinzu!
|
MARC
| LEADER | 00000 a a2200000 04500 | ||
|---|---|---|---|
| 001 | 1379 | ||
| 003 | |||
| 040 | |||
| 100 | |a Venegas S., William | ||
| 245 | |a Excelente testimonio cinematrográfico. Romero: |b cuando la verdad y el valor se juntan / |c William Venegas S. | ||
| 773 | |g número 61; páginas 24-25 | ||
| 999 | |c 30083 |d 30083 | ||
